[Event "PRO League Group Stage"]
[Site "chess.com INT"]
[Date "2019.03.07"]
[Round "9"]
[White "Charbonneau, Pascal"]
[Black "Noritsyn, Nikolay"]
[Result "0-1"]
[WhiteElo "2505"]
[BlackElo "2484"]
[PlyCount "74"]
[GameId "2130307612476606"]
[EventDate "2019.01.08"]
[EventType "team"]
[EventRounds "10"]
[EventCountry "USA"]
[SourceTitle "The Week in Chess 1270"]
[Source "Mark Crowther"]
[SourceDate "2019.03.11"]
[SourceVersion "1"]
[SourceVersionDate "2019.03.11"]
[SourceQuality "2"]
[WhiteTeam "Montclair Sopranos"]
[BlackTeam "Montreal Chessbrahs"]

1. Nf3 c5 2. c4 Nc6 3. b3 Nf6 4. Bb2 e6 5. g3 Be7 6. Bg2 O-O 7. O-O d5 8. e3 b6 9. Qe2 Bb7 10. Nc3 dxc4 11. bxc4 Nb4 12. d4 cxd4 13. exd4 Rc8 14. Rac1 Ba6 15. Ne5 Nd7 16. a3 Nxe5 17. axb4 Bxc4 18. Qxe5 Bxf1 19. Bxf1 Bf6 20. Qb5 Bxd4 21. Rd1 Qf6 22. Ne4 Bxf2+ 23. Nxf2 Qxb2 24. Qa4 Rc2 25. Ne4 f5 26. Ng5 Rxh2 27. Nh3 Rd2 28. Rxd2 Qxd2 29. b5 Qe3+ 30. Kh2 Rd8 31. Qxa7 h6 32. Bg2 Kh7 33. Qf7 Rd3 34. Qc7 e5 35. Qc2 Qxg3+ 36. Kg1 e4 37. Nf2 Qe3 0-1

[Event "PRO League Group Stage"]
[Site "chess.com INT"]
[Date "2019.03.06"]
[Round "9"]
[White "Saric, Ivan"]
[Black "Charbonneau, Pascal"]
[Result "1-0"]
[WhiteElo "2690"]
[BlackElo "2505"]
[PlyCount "49"]
[GameId "2130307612480788"]
[EventDate "2019.01.08"]
[EventType "team"]
[EventRounds "10"]
[EventCountry "USA"]
[SourceTitle "The Week in Chess 1270"]
[Source "Mark Crowther"]
[SourceDate "2019.03.11"]
[SourceVersion "1"]
[SourceVersionDate "2019.03.11"]
[SourceQuality "2"]
[WhiteTeam "Montreal Chessbrahs"]
[BlackTeam "Montclair Sopranos"]

1. e4 c5 2. Nf3 a6 3. c3 d5 4. exd5 Qxd5 5. d4 Nf6 6. Be2 e6 7. O-O Be7 8. Be3 cxd4 9. cxd4 O-O 10. Nc3 Qd6 11. Ne5 Nc6 12. Bf4 Qd8 13. Nxc6 bxc6 14. Rc1 Nd5 15. Be5 Bg5 16. f4 Be7 17. Nxd5 cxd5 18. Bd3 g6 19. Qg4 Bd7 20. Rf3 Bb5 21. Bb1 Be2 22. Bxg6 fxg6 23. Qxe6+ Rf7 24. Rh3 Qe8 25. Qxg6+ 1-0

[Event "PRO League Group Stage"]
[Site "chess.com INT"]
[Date "2019.03.06"]
[Round "9"]
[White "Thavandiran, Shiyam"]
[Black "Charbonneau, Pascal"]
[Result "1/2-1/2"]
[WhiteElo "2410"]
[BlackElo "2505"]
[PlyCount "69"]
[GameId "2130307612480801"]
[EventDate "2019.01.08"]
[EventType "team"]
[EventRounds "10"]
[EventCountry "USA"]
[SourceTitle "The Week in Chess 1270"]
[Source "Mark Crowther"]
[SourceDate "2019.03.11"]
[SourceVersion "1"]
[SourceVersionDate "2019.03.11"]
[SourceQuality "2"]
[WhiteTeam "Montreal Chessbrahs"]
[BlackTeam "Montclair Sopranos"]

1. e4 c5 2. Nf3 a6 3. c3 d5 4. exd5 Qxd5 5. d4 Nf6 6. Be2 e6 7. O-O Nc6 8. Be3 cxd4 9. Nxd4 Nxd4 10. cxd4 Be7 11. Nc3 Qd6 12. Bf3 O-O 13. Qc2 Nd5 14. Nxd5 exd5 15. Rac1 Be6 16. Qb3 Rfc8 17. g3 b5 18. Rc5 Qd7 19. Rxc8+ Rxc8 20. Rc1 Rc4 21. Qd1 Qc6 22. Rxc4 Qxc4 23. a3 Bf6 24. Be2 Qc6 25. Bd3 g6 26. Qf3 Bg7 27. h4 h5 28. Qf4 Qb6 29. Kg2 a5 30. b4 axb4 31. axb4 Bf8 32. Bd2 Bg7 33. Be3 Bf8 34. Bd2 Bg7 35. Be3 1/2-1/2

[Event "PRO League Group Stage"]
[Site "chess.com INT"]
[Date "2018.01.18"]
[Round "1"]
[White "Charbonneau, Pascal"]
[Black "Cervantes Landeiro, Thalia"]
[Result "1-0"]
[WhiteElo "2505"]
[BlackElo "2128"]
[PlyCount "149"]
[GameId "2130307623046000"]
[EventDate "2018.01.18"]
[EventType "team"]
[EventRounds "9"]
[EventCountry "USA"]
[SourceTitle "The Week in Chess 1211"]
[Source "Mark Crowther"]
[SourceDate "2018.01.22"]
[SourceVersion "1"]
[SourceVersionDate "2018.01.22"]
[SourceQuality "2"]
[WhiteTeam "Montclair Sopranos"]
[BlackTeam "Webster Windmills"]

1. Nf3 Nf6 2. g3 g6 3. Bg2 Bg7 4. O-O d5 5. d4 O-O 6. c4 dxc4 7. Na3 c3 8. bxc3 c5 9. e3 Nc6 10. Qe2 Bf5 11. Nc4 Qc7 12. Ba3 b6 13. Rac1 Rad8 14. Rfd1 Be4 15. Ncd2 Bxf3 16. Bxf3 Rfe8 17. Qb5 Rc8 18. Bg2 Nb8 19. dxc5 bxc5 20. Nc4 Nbd7 21. Rb1 Rb8 22. Qa5 Nb6 23. Bxc5 Nfd7 24. Bxb6 Nxb6 25. Nxb6 axb6 26. Qa4 Bxc3 27. Rdc1 Qe5 28. Rxb6 Rbc8 29. Rcb1 Red8 30. Qf4 Qxf4 31. gxf4 Rd2 32. a4 Ra2 33. Ra6 Bf6 34. Be4 Rc3 35. Ra8+ Kg7 36. Rf1 Rca3 37. Bc6 Ra1 38. Rxa1 Rxa1+ 39. Kg2 Bc3 40. Bb5 h5 41. Rc8 Bb4 42. Rc2 Kf6 43. Rb2 Bc3 44. Rc2 Ba5 45. Kf3 Ra3 46. Rc6+ Kg7 47. Rc2 Kf6 48. Ke4 e6 49. Kd4 Kg7 50. Kc5 Ra1 51. Bc6 Bd8 52. Rd2 Ba5 53. Rc2 Kf8 54. Kb5 Bd8 55. Rd2 Be7 56. a5 Rb1+ 57. Ka6 Ra1 58. Rb2 Bf6 59. Rc2 Be7 60. Rb2 Bf6 61. Rb3 Ra2 62. h3 Kg7 63. Be8 Kf8 64. Bc6 h4 65. f3 Kg7 66. Kb5 Be7 67. a6 Bf6 68. Be4 Ra1 69. Bd3 Bd8 70. Kc6 Kf8 71. Kd7 Bf6 72. Rb7 Kg7 73. a7 Bc3 74. Be4 Bf6 75. Rc7 1-0

[Event "PRO League Group Stage"]
[Site "chess.com INT"]
[Date "2018.01.18"]
[Round "1"]
[White "Durarbayli, Vasif"]
[Black "Charbonneau, Pascal"]
[Result "1-0"]
[WhiteElo "2622"]
[BlackElo "2505"]
[PlyCount "65"]
[GameId "2130307623050115"]
[EventDate "2018.01.18"]
[EventType "team"]
[EventRounds "9"]
[EventCountry "USA"]
[SourceTitle "The Week in Chess 1211"]
[Source "Mark Crowther"]
[SourceDate "2018.01.22"]
[SourceVersion "1"]
[SourceVersionDate "2018.01.22"]
[SourceQuality "2"]
[WhiteTeam "Webster Windmills"]
[BlackTeam "Montclair Sopranos"]

1. e4 c5 2. Ne2 e6 3. d4 cxd4 4. Nxd4 a6 5. c4 Nf6 6. Nc3 Qc7 7. Be3 Bb4 8. Qb3 Be7 9. Be2 O-O 10. O-O d6 11. Rfc1 Nbd7 12. a4 Nc5 13. Qc2 a5 14. Rd1 b6 15. Ndb5 Qb8 16. Bf4 e5 17. Bg5 Rd8 18. Bxf6 Bxf6 19. Nd5 Bb7 20. Nxf6+ gxf6 21. Nc3 Kh8 22. Qd2 Qc7 23. Qh6 Qe7 24. Bg4 Rg8 25. Bf5 Rg7 26. Nd5 Bxd5 27. cxd5 Nb3 28. Ra3 Nd4 29. Rxd4 exd4 30. Rh3 Rc8 31. g3 Kg8 32. Bxc8 Qxe4 33. Qxf6 1-0

[Event "PRO League Group Stage"]
[Site "chess.com INT"]
[Date "2018.02.07"]
[Round "5"]
[White "Blit, Jacques"]
[Black "Charbonneau, Pascal"]
[Result "0-1"]
[WhiteElo "2374"]
[BlackElo "2505"]
[PlyCount "124"]
[GameId "2130307623091811"]
[EventDate "2018.01.18"]
[EventType "team"]
[EventRounds "9"]
[EventCountry "USA"]
[SourceTitle "The Week in Chess 1214"]
[Source "Mark Crowther"]
[SourceDate "2018.02.12"]
[SourceVersion "3"]
[SourceVersionDate "2018.02.13"]
[SourceQuality "2"]
[WhiteTeam "Buenos Aires Krakens"]
[BlackTeam "Montclair Sopranos"]

1. e4 e5 2. Nf3 Nc6 3. d4 exd4 4. Nxd4 Bb4+ 5. c3 Bc5 6. Be3 Bb6 7. Nc2 Nf6 8. Nd2 O-O 9. c4 Re8 10. f3 d5 11. cxd5 Nxd5 12. Bxb6 axb6 13. Bc4 Nf4 14. O-O Bh3 15. Rf2 Bxg2 16. Rxg2 Nxg2 17. Kxg2 Qg5+ 18. Kf2 Rad8 19. Ne3 Ne5 20. Qe2 Qf4 21. Nef1 Rd6 22. Ke1 Red8 23. Rd1 c6 24. Qe3 Qxe3+ 25. Nxe3 Rxd2 26. Rxd2 Nxf3+ 27. Ke2 Rxd2+ 28. Kxf3 Rxb2 29. h3 b5 30. Bb3 c5 31. Nd1 Rd2 32. Ke3 Rg2 33. Nf2 c4 34. Bd1 Rg3+ 35. Bf3 Rg6 36. Nd1 Ra6 37. Nc3 b4 38. Nd5 b3 39. axb3 cxb3 40. Kd2 Rc6 41. Bd1 Rh6 42. Bxb3 Rxh3 43. Bc4 h5 44. Nf4 Rh2+ 45. Ke3 g5 46. Ng6 Kg7 47. Ne5 f6 48. Nd7 Rh3+ 49. Kf2 h4 50. Nc5 Rc3 51. Ne6+ Kg6 52. Bd5 g4 53. Nf4+ Kg5 54. Ne6+ Kh6 55. Kg2 Rc2+ 56. Kg1 b6 57. Nd4 Rd2 58. Nf5+ Kg5 59. Ng7 h3 60. Ne6+ Kh4 61. Nf4 Rd1+ 62. Kf2 h2 0-1

[Event "PRO League Group Stage"]
[Site "chess.com INT"]
[Date "2018.02.07"]
[Round "5"]
[White "Pichot, Alan"]
[Black "Charbonneau, Pascal"]
[Result "1-0"]
[WhiteElo "2552"]
[BlackElo "2505"]
[PlyCount "61"]
[GameId "2130307623096021"]
[EventDate "2018.01.18"]
[EventType "team"]
[EventRounds "9"]
[EventCountry "USA"]
[SourceTitle "The Week in Chess 1214"]
[Source "Mark Crowther"]
[SourceDate "2018.02.12"]
[SourceVersion "3"]
[SourceVersionDate "2018.02.13"]
[SourceQuality "2"]
[WhiteTeam "Buenos Aires Krakens"]
[BlackTeam "Montclair Sopranos"]

1. Nf3 d5 2. d4 Nf6 3. Bf4 c5 4. c3 Nc6 5. dxc5 g6 6. e3 Bg7 7. Nbd2 O-O 8. Bb5 Nh5 9. Bg3 Nxg3 10. hxg3 Qc7 11. Qa4 e5 12. Nb3 Bd7 13. Qh4 h6 14. Rd1 e4 15. Bxc6 bxc6 16. Nfd4 Rfe8 17. Qf4 Qxf4 18. gxf4 a5 19. a4 Reb8 20. Rd2 h5 21. Kd1 Bf8 22. Kc2 Rb7 23. Kb1 Be7 24. Ka2 Kg7 25. f5 h4 26. fxg6 Kxg6 27. f3 f5 28. Rf2 Bg5 29. f4 Be7 30. g3 hxg3 31. Rg2 1-0

[Event "PRO League Group Stage"]
[Site "chess.com INT"]
[Date "2018.02.24"]
[Round "7"]
[White "Charbonneau, Pascal"]
[Black "Bacrot, Alexandre"]
[Result "1/2-1/2"]
[WhiteElo "2505"]
[BlackElo "2192"]
[PlyCount "168"]
[GameId "2130307623112687"]
[EventDate "2018.01.18"]
[EventType "team"]
[EventRounds "9"]
[EventCountry "USA"]
[SourceTitle "The Week in Chess 1216"]
[Source "Mark Crowther"]
[SourceDate "2018.02.26"]
[SourceVersion "1"]
[SourceVersionDate "2018.02.26"]
[SourceQuality "2"]
[WhiteTeam "Montclair Sopranos"]
[BlackTeam "Marseille Migraines"]

1. Nf3 Nf6 2. g3 e6 3. Bg2 d5 4. O-O Be7 5. d3 O-O 6. Nbd2 c5 7. e4 Nc6 8. Re1 Qc7 9. e5 Nd7 10. Qe2 b5 11. Nf1 Bb7 12. Bf4 Rac8 13. c3 d4 14. h4 Nb6 15. Rac1 Qd7 16. c4 bxc4 17. dxc4 d3 18. Qe3 Rfd8 19. Red1 Nd4 20. Nxd4 Bxg2 21. Kxg2 cxd4 22. Qxd3 Rxc4 23. Rxc4 Qd5+ 24. Qf3 Nxc4 25. Qxd5 Rxd5 26. Rc1 Nxe5 27. Rc7 Bc5 28. Nd2 f6 29. Ne4 Bb6 30. Rb7 d3 31. h5 Nd7 32. h6 f5 33. Nd2 e5 34. Bg5 g6 35. b4 e4 36. a4 a5 37. b5 Kf7 38. Nc4 Bc5 39. Kf1 Ke6 40. Ke1 Bb4+ 41. Kd1 Nc5 42. Rb6+ Kd7 43. Be3 Nxa4 44. Rb7+ Ke6 45. Rxh7 Nc3+ 46. Kc1 Ne2+ 47. Kb2 Rd8 48. Rg7 Rh8 49. Rxg6+ Kf7 50. Ra6 Bc3+ 51. Kb3 Rb8 52. Ka4 Bd4 53. Bd2 Nc3+ 54. Bxc3 Bxc3 55. h7 Kg7 56. Ra7+ Kh6 57. b6 d2 58. Nxd2 Bxd2 59. Rd7 Bc3 60. b7 Bg7 61. Kb5 Kxh7 62. Kxa5 Kg6 63. Kb6 Be5 64. Kc6 Kf6 65. Kd5 Re8 66. Rh7 Rd8+ 67. Kc6 Bb8 68. Rh6+ Ke5 69. Rh7 Kd4 70. Rf7 f4 71. gxf4 Kd3 72. f5 Ke2 73. Re7 Kxf2 74. Rxe4 Kf3 75. Re7 Rf8 76. Kd7 Rxf5 77. Re8 Bf4 78. b8=Q Bxb8 79. Rxb8 Rf7+ 80. Ke6 Rf4 81. Rb3+ Kg4 82. Rb5 Kf3 83. Re5 Re4 84. Rxe4 Kxe4 1/2-1/2

[Event "PRO League Group Stage"]
[Site "chess.com INT"]
[Date "2018.02.24"]
[Round "7"]
[White "Charbonneau, Pascal"]
[Black "Gorozhanin, Mikhail"]
[Result "1-0"]
[WhiteElo "2505"]
[BlackElo "2435"]
[PlyCount "81"]
[GameId "2130307623112688"]
[EventDate "2018.01.18"]
[EventType "team"]
[EventRounds "9"]
[EventCountry "USA"]
[SourceTitle "The Week in Chess 1216"]
[Source "Mark Crowther"]
[SourceDate "2018.02.26"]
[SourceVersion "1"]
[SourceVersionDate "2018.02.26"]
[SourceQuality "2"]
[WhiteTeam "Montclair Sopranos"]
[BlackTeam "Volga Stormbringers"]

1. e4 e6 2. d3 d5 3. Qe2 Be7 4. Nf3 Nf6 5. g3 c5 6. Bg2 Nc6 7. O-O Qc7 8. e5 Nd7 9. Re1 h6 10. c4 Nb6 11. Nc3 Qd8 12. b3 a6 13. Bb2 Bd7 14. Rad1 d4 15. Ne4 Qc7 16. Ba3 Nxe5 17. Nxe5 Qxe5 18. Nxc5 Qxe2 19. Rxe2 Bc6 20. Bxc6+ bxc6 21. Re4 O-O-O 22. f4 Rhe8 23. Rde1 g6 24. Kg2 h5 25. h3 a5 26. Kf3 Na8 27. b4 Bxc5 28. bxc5 Nc7 29. Rb1 f5 30. Re2 Kd7 31. Rb6 h4 32. g4 fxg4+ 33. Kxg4 Rf8 34. Bb2 Rf5 35. Bxd4 e5 36. Bxe5 Ne6 37. Rb7+ Kc8 38. Ra7 Rxd3 39. Rb2 Rg3+ 40. Kxh4 Rg1 41. Rb8# 1-0

[Event "PRO League Group Stage"]
[Site "chess.com INT"]
[Date "2018.02.24"]
[Round "7"]
[White "Charbonneau, Pascal"]
[Black "Lalith, Babu MR"]
[Result "0-1"]
[WhiteElo "2505"]
[BlackElo "2542"]
[PlyCount "56"]
[GameId "2130307623112689"]
[EventDate "2018.01.18"]
[EventType "team"]
[EventRounds "9"]
[EventCountry "USA"]
[SourceTitle "The Week in Chess 1216"]
[Source "Mark Crowther"]
[SourceDate "2018.02.26"]
[SourceVersion "1"]
[SourceVersionDate "2018.02.26"]
[SourceQuality "2"]
[WhiteTeam "Montclair Sopranos"]
[BlackTeam "Delhi Dynamite"]

1. e4 c6 2. c4 d5 3. exd5 cxd5 4. cxd5 Nf6 5. Nc3 Nxd5 6. Nf3 e6 7. Bc4 Be7 8. O-O O-O 9. d4 Nc6 10. Re1 h6 11. a3 Bf6 12. Ne4 b6 13. Qd3 Bb7 14. Bd2 Nce7 15. Rad1 Nf5 16. Ba2 Rc8 17. Bb1 g6 18. g4 Nh4 19. Bxh6 Ba6 20. Qxa6 Nxf3+ 21. Kh1 Bg7 22. Bxg7 Kxg7 23. Qd3 Nxe1 24. Rxe1 Rh8 25. Qg3 Qc7 26. Qe5+ Qxe5 27. dxe5 Rh3 28. Ng5 Rb3 0-1

[Event "PRO League Group Stage"]
[Site "chess.com INT"]
[Date "2018.02.24"]
[Round "7"]
[White "Libiszewski, Fabien"]
[Black "Charbonneau, Pascal"]
[Result "1/2-1/2"]
[WhiteElo "2530"]
[BlackElo "2505"]
[PlyCount "79"]
[GameId "2130307623116931"]
[EventDate "2018.01.18"]
[EventType "team"]
[EventRounds "9"]
[EventCountry "USA"]
[SourceTitle "The Week in Chess 1216"]
[Source "Mark Crowther"]
[SourceDate "2018.02.26"]
[SourceVersion "1"]
[SourceVersionDate "2018.02.26"]
[SourceQuality "2"]
[WhiteTeam "Cannes Blockbusters"]
[BlackTeam "Montclair Sopranos"]

1. e4 e5 2. Nf3 Nc6 3. Bb5 a6 4. Ba4 Nf6 5. O-O Be7 6. d3 d6 7. c3 O-O 8. Re1 b5 9. Bb3 Na5 10. Bc2 c5 11. Nbd2 Nc6 12. Nf1 Re8 13. Ng3 Bf8 14. a4 Rb8 15. h3 h6 16. Nh2 Be6 17. Qf3 Kh7 18. Bd2 b4 19. Nf5 bxc3 20. bxc3 Rb2 21. Ne3 Qa5 22. Nhg4 Nxg4 23. hxg4 Nd4 24. cxd4 Qxd2 25. d5 Bd7 26. Qxf7 Be7 27. Rad1 Qc3 28. Nf5 Bxf5 29. gxf5 Rf8 30. Qg6+ Kh8 31. Bb1 Qd4 32. Qg3 Bg5 33. a5 Rfb8 34. Qf3 Bh4 35. g3 Bg5 36. Rf1 Kh7 37. Qh5 Kh8 38. Qf3 Kh7 39. Qh5 Kh8 40. Qf3 1/2-1/2

[Event "PRO League Group Stage"]
[Site "chess.com INT"]
[Date "2018.02.24"]
[Round "7"]
[White "Skoberne, Jure"]
[Black "Charbonneau, Pascal"]
[Result "1/2-1/2"]
[WhiteElo "2553"]
[BlackElo "2505"]
[PlyCount "49"]
[GameId "2130307623121117"]
[EventDate "2018.01.18"]
[EventType "team"]
[EventRounds "9"]
[EventCountry "USA"]
[SourceTitle "The Week in Chess 1216"]
[Source "Mark Crowther"]
[SourceDate "2018.02.26"]
[SourceVersion "1"]
[SourceVersionDate "2018.02.26"]
[SourceQuality "2"]
[WhiteTeam "Ljubljana Turtles"]
[BlackTeam "Montclair Sopranos"]

1. g3 Nf6 2. Bg2 d5 3. Nf3 Bg4 4. c4 c6 5. Ne5 Be6 6. cxd5 Bxd5 7. Nf3 e5 8. Nc3 Bxf3 9. Bxf3 Bc5 10. O-O O-O 11. Qb3 Bb6 12. Na4 e4 13. Bg2 Nbd7 14. d3 exd3 15. Qxd3 Nc5 16. Nxc5 Bxc5 17. Qc2 Qe7 18. Bg5 Bb6 19. b4 h6 20. Bxf6 Qxf6 21. a4 Bxf2+ 22. Kh1 Qe5 23. b5 cxb5 24. axb5 Rac8 25. Qe4 1/2-1/2

[Event "PRO League Group Stage"]
[Site "chess.com INT"]
[Date "2018.02.24"]
[Round "7"]
[White "Swapnil, S Dhopade"]
[Black "Charbonneau, Pascal"]
[Result "1/2-1/2"]
[WhiteElo "2533"]
[BlackElo "2505"]
[PlyCount "118"]
[GameId "2130307623125237"]
[EventDate "2018.01.18"]
[EventType "team"]
[EventRounds "9"]
[EventCountry "USA"]
[SourceTitle "The Week in Chess 1216"]
[Source "Mark Crowther"]
[SourceDate "2018.02.26"]
[SourceVersion "1"]
[SourceVersionDate "2018.02.26"]
[SourceQuality "2"]
[WhiteTeam "Mumbai Movers"]
[BlackTeam "Montclair Sopranos"]

1. d4 Nf6 2. c4 e6 3. Nf3 d5 4. Nc3 Be7 5. Bf4 O-O 6. e3 b6 7. cxd5 Nxd5 8. Nxd5 exd5 9. Bd3 c5 10. dxc5 bxc5 11. O-O Nc6 12. Ne5 Nxe5 13. Bxe5 Be6 14. Qc2 g6 15. Rfd1 Qb6 16. b3 Rfd8 17. Bb2 Rac8 18. Be2 Bf5 19. Bd3 Bg4 20. Be2 Bf5 21. Qd2 Bf6 22. Bxf6 Qxf6 23. Rac1 Qb6 24. Qb2 d4 25. Bc4 dxe3 26. fxe3 Be6 27. Qe2 Re8 28. Rc3 Re7 29. Rdc1 Bxc4 30. Qxc4 Rd8 31. Qxc5 Qxc5 32. Rxc5 Rxe3 33. Rc8 Rxc8 34. Rxc8+ Kg7 35. Ra8 Re7 36. b4 h5 37. b5 Kf6 38. a4 Ke5 39. a5 Kd5 40. Rb8 Kc5 41. a6 g5 42. Rb7 Re1+ 43. Kf2 Rb1 44. Rxa7 Rxb5 45. Rxf7 Rb2+ 46. Kg3 h4+ 47. Kh3 g4+ 48. Kxg4 Rxg2+ 49. Kh3 Ra2 50. Rf5+ Kd6 51. Rf6+ Ke7 52. Rh6 Kf7 53. Rb6 Kg7 54. Rb7+ Kg6 55. a7 Kg5 56. Rb5+ Kg6 57. Rb7 Kg5 58. Rb5+ Kg6 59. Rb7 Kg5 1/2-1/2

[Event "PRO League Group Stage"]
[Site "chess.com INT"]
[Date "2018.02.24"]
[Round "7"]
[White "Ter Sahakian, Samuel"]
[Black "Charbonneau, Pascal"]
[Result "1-0"]
[WhiteElo "2563"]
[BlackElo "2505"]
[PlyCount "123"]
[GameId "2130307623125243"]
[EventDate "2018.01.18"]
[EventType "team"]
[EventRounds "9"]
[EventCountry "USA"]
[SourceTitle "The Week in Chess 1216"]
[Source "Mark Crowther"]
[SourceDate "2018.02.26"]
[SourceVersion "1"]
[SourceVersionDate "2018.02.26"]
[SourceQuality "2"]
[WhiteTeam "Armenia Eagles"]
[BlackTeam "Montclair Sopranos"]

1. e4 e5 2. Nf3 Nc6 3. Bb5 a6 4. Ba4 Nf6 5. O-O Be7 6. Re1 b5 7. Bb3 d6 8. c3 O-O 9. h3 Nb8 10. d4 Nbd7 11. Nbd2 Bb7 12. Bc2 Re8 13. Nf1 Bf8 14. Ng3 g6 15. a4 Bg7 16. Bd3 c6 17. Qc2 Qb6 18. Be3 c5 19. d5 b4 20. a5 Qd8 21. Nd2 h5 22. Nc4 Bf8 23. cxb4 cxb4 24. Qd2 Nc5 25. Bxc5 dxc5 26. Bc2 Kh7 27. Rad1 Bh6 28. Qe2 h4 29. Nf1 Nh5 30. Ba4 Re7 31. Nfe3 f6 32. Bc6 Nf4 33. Qf3 Rc8 34. Bxb7 Rxb7 35. d6 Ne6 36. Nd5 Bg5 37. Qg4 Nd4 38. Ne7 Rcb8 39. f4 exf4 40. e5 Rxe7 41. dxe7 Qxe7 42. exf6 Qxf6 43. Nd2 Bh6 44. Nf3 Rd8 45. Nxd4 cxd4 46. Re6 Qf5 47. Qxf5 gxf5 48. Rd3 f3 49. gxf3 Be3+ 50. Kf1 f4 51. Rxa6 Rg8 52. Rb6 Rg1+ 53. Ke2 Rg2+ 54. Kd1 Rxb2 55. a6 Ra2 56. Rb7+ Kg6 57. a7 Kf5 58. Rb3 d3 59. Rxd3 Bxa7 60. Rxb4 Be3 61. Rd5+ Kg6 62. Rc4 1-0

[Event "PRO League KO Stage"]
[Site "chess.com INT"]
[Date "2017.03.01"]
[Round "1"]
[White "Charbonneau, Pascal"]
[Black "Bartell, Thomas"]
[Result "1-0"]
[WhiteElo "2505"]
[BlackElo "2345"]
[PlyCount "59"]
[GameId "2130307635416124"]
[EventDate "2017.03.01"]
[EventType "k.o."]
[EventRounds "5"]
[EventCountry "USA"]
[SourceTitle "The Week in Chess 1165"]
[Source "Mark Crowther"]
[SourceDate "2017.03.06"]
[SourceVersion "1"]
[SourceVersionDate "2017.03.06"]
[SourceQuality "2"]
[WhiteTeam "Montclair Sopranos"]
[BlackTeam "Philadelphia Inventors"]

1. e4 c6 2. c4 d5 3. exd5 cxd5 4. cxd5 Nf6 5. Nc3 Nxd5 6. Nf3 Nc6 7. Bc4 Nb6 8. Bb3 Bf5 9. d4 e6 10. O-O Be7 11. a3 O-O 12. h3 Rc8 13. Ba2 Bf6 14. Be3 Na5 15. Qe2 Nac4 16. Rac1 Nxe3 17. fxe3 Bg6 18. Nd2 Qd7 19. Nde4 Be7 20. Bb1 Nd5 21. Nxd5 exd5 22. Nc3 Bxb1 23. Nxb1 Qe6 24. Nc3 Bg5 25. Rce1 Bh4 26. Rd1 Rfe8 27. Rf3 a6 28. Rdf1 Rc7 29. Rf5 Rd7 30. Re5 1-0

[Event "PRO League KO Stage"]
[Site "chess.com INT"]
[Date "2017.03.01"]
[Round "1"]
[White "Charbonneau, Pascal"]
[Black "Erenburg, Sergey"]
[Result "1-0"]
[WhiteElo "2505"]
[BlackElo "2568"]
[PlyCount "131"]
[GameId "2130307635416125"]
[EventDate "2017.03.01"]
[EventType "k.o."]
[EventRounds "5"]
[EventCountry "USA"]
[SourceTitle "The Week in Chess 1165"]
[Source "Mark Crowther"]
[SourceDate "2017.03.06"]
[SourceVersion "1"]
[SourceVersionDate "2017.03.06"]
[SourceQuality "2"]
[WhiteTeam "Montclair Sopranos"]
[BlackTeam "Philadelphia Inventors"]

1. e4 c6 2. c4 d5 3. exd5 cxd5 4. cxd5 Nf6 5. Nc3 Nxd5 6. Nf3 g6 7. Bc4 Nb6 8. Bb3 Bg7 9. d4 O-O 10. O-O Bg4 11. d5 N8d7 12. h3 Bxf3 13. Qxf3 Nc5 14. Bc2 Nc4 15. Re1 Rc8 16. Rb1 Nd6 17. h4 b5 18. h5 b4 19. Ne2 Nd7 20. Ba4 Ne5 21. Qh3 Qa5 22. b3 Qxd5 23. Be3 Qb7 24. Rbd1 Nf5 25. Bf4 Rc5 26. Ng3 Nxg3 27. Qxg3 Nc6 28. h6 Bf6 29. Qf3 Qc8 30. Rc1 Nd4 31. Qe4 Ne6 32. Be3 Rc3 33. Qxb4 Rd8 34. Rcd1 Rc7 35. Qg4 Qb8 36. Rxd8+ Qxd8 37. Rd1 Qc8 38. Bb5 Be5 39. Bc4 Bd6 40. Bxe6 Qxe6 41. Qxe6 fxe6 42. Rc1 a6 43. Rxc7 Bxc7 44. Kf1 Kf7 45. Ke2 Ke8 46. Kd3 Kd7 47. Kc4 Kc6 48. b4 e5 49. a4 e6 50. f3 Bd6 51. b5+ axb5+ 52. axb5+ Kd7 53. Kd3 Bf8 54. Ke4 Bd6 55. Bg5 Kc7 56. Bf6 Kb6 57. Bxe5 Be7 58. Bg7 Bd6 59. Be5 Bf8 60. Bf4 Kxb5 61. Ke5 Kc4 62. Kxe6 Kd3 63. Kf7 Bc5 64. Kg7 Ke2 65. Kxh7 Bf8 66. Kxg6 1-0

[Event "PRO League KO Stage"]
[Site "chess.com INT"]
[Date "2017.03.01"]
[Round "1"]
[White "Postny, Evgeny"]
[Black "Charbonneau, Pascal"]
[Result "1/2-1/2"]
[WhiteElo "2606"]
[BlackElo "2505"]
[PlyCount "168"]
[GameId "2130307635416162"]
[EventDate "2017.03.01"]
[EventType "k.o."]
[EventRounds "5"]
[EventCountry "USA"]
[SourceTitle "The Week in Chess 1165"]
[Source "Mark Crowther"]
[SourceDate "2017.03.06"]
[SourceVersion "1"]
[SourceVersionDate "2017.03.06"]
[SourceQuality "2"]
[WhiteTeam "Philadelphia Inventors"]
[BlackTeam "Montclair Sopranos"]

1. d4 d5 2. c4 e6 3. Nf3 Nf6 4. g3 Bb4+ 5. Bd2 Bd6 6. Bg2 c6 7. Qc2 Nbd7 8. O-O O-O 9. Bg5 h6 10. Bxf6 Nxf6 11. Nbd2 b6 12. e4 Be7 13. cxd5 cxd5 14. e5 Nd7 15. Rfc1 Nb8 16. Bf1 Bd7 17. Qc7 Qxc7 18. Rxc7 Rc8 19. Rxc8+ Bxc8 20. Bb5 Bd7 21. Bxd7 Nxd7 22. Rc1 Kf8 23. Kf1 Ke8 24. Ke2 Kd8 25. Kd3 Rc8 26. Rxc8+ Kxc8 27. Ne1 Nb8 28. Nc2 Nc6 29. a3 Kd7 30. f4 f5 31. exf6 Bxf6 32. Nf3 Kd6 33. Ne3 Ne7 34. g4 g5 35. fxg5 hxg5 36. h4 gxh4 37. g5 Bh8 38. Nxh4 e5 39. dxe5+ Bxe5 40. Nhf5+ Nxf5 41. Nxf5+ Ke6 42. Nd4+ Kf7 43. b3 Kg6 44. Nc6 Bb2 45. a4 a6 46. Ne7+ Kxg5 47. Nxd5 b5 48. a5 Be5 49. Nb4 Bc7 50. Nc6 Kf5 51. Kd4 Ke6 52. Kc5 Kd7 53. b4 Kc8 54. Ne7+ Kb7 55. Nf5 Bf4 56. Nd6+ Ka7 57. Nc8+ Kb7 58. Nd6+ Ka7 59. Ne4 Be3+ 60. Kc6 Bf4 61. Nf6 Bd2 62. Nd5 Be1 63. Kc7 Bd2 64. Ne7 Bf4+ 65. Kc8 Bg3 66. Nc6+ Ka8 67. Kd8 Kb7 68. Kd7 Be1 69. Nd8+ Ka7 70. Kc7 Bg3+ 71. Kd7 Be1 72. Kc8 Bd2 73. Kc7 Ka8 74. Nc6 Be3 75. Kd6 Kb7 76. Kd5 Bf2 77. Ne5 Be1 78. Nd3 Bd2 79. Kd6 Bc3 80. Nc5+ Ka7 81. Nd3 Kb7 82. Kd5 Bd2 83. Kc5 Be3+ 84. Kd5 Bd2 1/2-1/2